Katy Perry's UK Singles Chart History - Statistics

General Stats
  • This quiz has been taken 39 times
  • The average score is 25 of 37
Answer Stats
Peak Position Song Weeks On Chart Debut Date % Correct
#3 Firework 68 Oct 30th 2010
100%
#4 Hot N Cold 41 Oct 4th 2008
94%
#1 I Kissed A Girl 34 Aug 9th 2008
91%
#9 Last Friday Night (T.G.I.F.) 23 Jun 25th 2011
91%
#1 Roar 49 Sep 14th 2013
91%
#1 California Gurls 35 Jul 3rd 2010
88%
#2 Teenage Dream 28 Sep 11th 2010
88%
#5 Chained To The Rhythm 21 Feb 23rd 2017
84%
#4 Dark Horse 48 Sep 28th 2013
84%
#3 E.T. 24 Mar 26th 2011
81%
#1 Part Of Me 20 Mar 31st 2012
81%
#37 Bon Appе́tit 9 May 11th 2017
75%
#19 Waking Up In Vegas 18 May 16th 2009
75%
#18 The One That Got Away 30 Oct 29th 2011
72%
#25 Unconditionally 15 Nov 2nd 2013
72%
#22 Birthday 14 May 10th 2014
69%
#12 Never Really Over 16 Jun 13th 2019
69%
#19 Swish Swish 23 Jun 1st 2017
69%
#9 Wide Awake 20 Apr 7th 2012
69%
#47 WOMAN'S WORLD 2 Jul 25th 2024
69%
#1 Feels 26 Jun 29th 2017
66%
#27 Thinking Of You 12 Jan 31st 2009
66%
#37 Daisies 8 May 28th 2020
63%
#25 Rise 6 Jul 28th 2016
63%
#33 This Is How We Do 12 Aug 23rd 2014
63%
#37 365 7 Feb 28th 2019
59%
#45 Harleys In Hawaii 4 Oct 31st 2019
59%
#80 Walking On Air 1 Nov 2nd 2013
56%
#3 If We Ever Meet Again 18 Feb 6th 2010
53%
#66 Con Calma 13 Mar 28th 2019
47%
#89 LIFETIMES 1 Aug 22nd 2024
47%
#73 Smile 5 Jul 23rd 2020
47%
#3 Starstrukk 26 Dec 26th 2009
47%
#49 When I'm Gone 13 Jan 13th 2022
41%
#43 Small Talk 6 Aug 22nd 2019
38%
#22 Cozy Little Christmas 16 Dec 20th 2018
31%
#97 Never Worn White 1 Mar 19th 2020
28%
No matching quizzes found
Score Distribution
Percent of People with Each Score
Percentile by Number Answered
Your Score History
You have not taken this quiz